Central Library OPAC University of Rajshahi

ইসলাম ও খিলাফত / (Record no. 74619)

MARC details
000 -LEADER
fixed length control field 00797nam a22002297a 4500
001 - CONTROL NUMBER
control field 74619
003 - CONTROL NUMBER IDENTIFIER
rucl marc code BD-RjUL
005 - DATE AND TIME OF LATEST TRANSACTION
control field 20211209082559.0
008 - FIXED-LENGTH DATA ELEMENTS--GENERAL INFORMATION
fixed length control field 181104s1974 bg ||||| |||| 00| 0 ben d
035 ## - SYSTEM CONTROL NUMBER
System control number (BD-RjUL)74837
040 ## - CATALOGING SOURCE
Original cataloging agency BD-RjUL
Language of cataloging ben
Transcribing agency BD-RjUL
041 ## - LANGUAGE CODE
Language code of text/sound track or separate title ben
082 ## - DEWEY DECIMAL CLASSIFICATION NUMBER
Edition number 23
Classification number 297
Author mark and year KAI 1974
100 ## - MAIN ENTRY--PERSONAL NAME
Personal name কবীর, মফীজুল্লাহ
9 (RLIN) 117342
245 10 - TITLE STATEMENT
Title ইসলাম ও খিলাফত /
Statement of responsibility, etc. মফীজুল্লাহ কবীর
260 ## - PUBLICATION, DISTRIBUTION, ETC. (IMPRINT)
Place of publication, distribution, etc. ঢাকা :
Name of publisher, distributor, etc. নওরোজ কিতাবস্থান,
Date of publication, distribution, etc. ১৯৭৪
300 ## - PHYSICAL DESCRIPTION
Pagination ৪৩৬,১৯ পৃ. ;
Size ২১ সেমি.
500 ## - GENERAL NOTE
General note নির্ঘন্ট সম্বলিত
650 ## - SUBJECT ADDED ENTRY--TOPICAL TERM
Topical term or geographic name as entry element ইসলাম
9 (RLIN) 136088
Topical term or geographic name as entry element Islam
9 (RLIN) 136089
942 ## - ADDED ENTRY ELEMENTS (KOHA)
Source of classification or shelving scheme Dewey Decimal Classification
Koha item type Books
Holdings
Lost status Source of classification or shelving scheme Damaged status Not for loan Collection code Permanent Location Current Location Shelving location Date acquired Source of acquisition Total Checkouts Full call number Date last seen Copy number Koha item type
  Dewey Decimal Classification   Not For Loan Non-fiction Central Library, University of Rajshahi Central Library, University of Rajshahi Reading Room 20/09/1990 RUCL   B 297 KAI 1974 04/11/2018 C-1 Books